| 000 | 00693nmm a2200229 a 4500 | ||
|---|---|---|---|
| 003 | AR-BaBNM | ||
| 005 | 20251128203101.0 | ||
| 008 | 011101s1980 ||||||||||||||000 | spa|| | ||
| 040 | _cAR-BaBNM | ||
| 100 | 1 | _aNallim, Carlos Orlando | |
| 245 | 1 | 0 |
_aCultura y educación en Mendoza _b1976 - 1979 |
| 260 |
_aMendoza _bInca editorial _c1980 |
||
| 300 | 0 | _a112 p. | |
| 500 | 0 | _aEste informe fue preparado en diciembre de 1979 por expresa disposición del Poder Ejecutivo de la Provincia | |
| 650 | 4 | _aPOLITICA EDUCATIVA | |
| 650 | 4 | _aPOLITICA CULTURAL | |
| 651 | 4 | _aMendoza | |
| 653 | 0 | _aDICTADURA MILITAR 1976-1983 | |
| 653 | 0 | _aGESTION EDUCATIVA | |
| 942 | _cBK | ||
| 998 | _cArchipretre | ||
| 999 |
_c1802 _d1802 |
||